| 000 | 00790nam a2200181Ia 4500 | ||
|---|---|---|---|
| 005 | 20250423100843.0 | ||
| 008 | 250422s9999 xx 000 0 und d | ||
| 020 | _a9781350091726 | ||
| 050 | _aPR 6003 .E282 .P69/ | ||
| 100 | _aPowell, Joshua | ||
| 245 | 0 | _aSamuel Beckett and experimental psychology : perception, attention, imagery | |
| 260 | _aNew York | ||
| 260 | _b Bloomsbury Academic | ||
| 260 | _c2020 | ||
| 300 | _a207 p | ||
| 650 | _aIntroduction: Literary Experiments and the Work of Samuel Beckett -- Experimental Transitions -- Attention and Speech Perception in Not I -- Face Reading and Attentional Management in That Time -- Inattention in Footfalls -- Beckett and the Mental Image -- Percept and Image in Nohow On -- Conclusion: Experimental Beckett | ||
| 942 | _cBK | ||
| 999 |
_c34543 _d34543 |
||